000 00503nam a2200217Ia 4500
008 210210b1910 xxu||||| |||| 00| 0 eng d
041 _aeng
082 _a825/740
100 _aROE (F W)
245 _aThomas carlyle as a critic of literature
260 _aCambridge
_bAt the University Press
_c1910
650 _aThomas
650 _aof
650 _aliterature
650 _acritic
650 _acarlyle
650 _aas
650 _aa
690 _aEnglish Criticism
906 _a015056
999 _c134322
_d134322